Implant Treatment Planning (Record no. 23903)
[ view plain ]
| 000 -LEADER | |
|---|---|
| fixed length control field | 00432nam a22001817a 4500 |
| 003 - CONTROL NUMBER IDENTIFIER | |
| control field | SGT |
| 020 ## - INTERNATIONAL STANDARD BOOK NUMBER | |
| International Standard Book Number | 9789357470711 |
| 082 ## - DEWEY DECIMAL CLASSIFICATION NUMBER | |
| Classification number | 617.632 |
| Item number | I23G |
| 100 ## - MAIN ENTRY--PERSONAL NAME | |
| Personal name | Goyal, Madhur |
| 245 ## - TITLE STATEMENT | |
| Title | Implant Treatment Planning |
| 260 ## - PUBLICATION, DISTRIBUTION, ETC. (IMPRINT) | |
| Place of publication, distribution, etc | Iterative International Publishers |
| Year of Publication | 2023 |
| 300 ## - PAGE DESCRIPTION | |
| No. of Pages | 74 |
| 650 ## - SUBJECT ADDED ENTRY--TOPICAL TERM | |
| Topical term or geographic name as entry element | Periodontology |
| 653 ## - KEYWORDS--INDEX TERM | |
| Keyword term | Implant Dentistry |
| 700 ## - ADDED ENTRY--PERSONAL NAME | |
| Personal name | Kapoor, Shalini |
| 700 ## - ADDED ENTRY--PERSONAL NAME | |
| Personal name | Bhardwaj, Amit |
| 942 ## - ADDED ENTRY ELEMENTS (KOHA) | |
| Source of classification or shelving scheme | Dewey Decimal Classification |
| Koha item type | Books |
| Withdrawn status | Lost status | Source of classification or shelving scheme | Damaged status | Use restrictions | Not for loan | Home library | Current library | Date acquired | SGTU | Total Checkouts | Full call number | Accession No. (Barcode) | Date last seen | Bill Date | Koha item type |
|---|---|---|---|---|---|---|---|---|---|---|---|---|---|---|---|
| Dewey Decimal Classification | Restricted Access | Not For Loan | SGT Dental Library | SGT Dental Library | 09/05/2023 | SGTU | 617.632 I23G | FD8977 | 09/05/2023 | 09/05/2023 | Books |